Taylor Swift - Devine la chanson sans indices #38 - Statistiques

Statistiques générales
  • Ce quiz a été pris 322 fois
  • Le résultat moyen est 241 sur 376
Statistiques - réponses
Réponse % Correct
I
100%
"I
100%
a
97%
He
88%
he
88%
(he
88%
the
88%
it
85%
it"
85%
it)
85%
me
82%
We
82%
was
79%
No,
76%
no
76%
She
76%
she
76%
("She
76%
but
75%
But
75%
and
74%
And
74%
in
74%
my
74%
when
74%
can
73%
of
72%
on
71%
to
71%
They
70%
they
70%
did
69%
can't
68%
like
67%
mine
67%
I'm
66%
just
66%
think
66%
"That
64%
for
62%
body,
61%
crime
61%
prove
61%
with
61%
Her
60%
her
60%
friend
58%
know
58%
his
57%
says,
57%
says
57%
him
55%
there
55%
day
54%
die
54%
die,
54%
out
54%
up
54%
thing
53%
at
52%
until
51%
got
50%
Este
49%
Good
49%
been
48%
get
48%
gonna
48%
has
48%
how
48%
every
47%
our
47%
'Cause
46%
call
45%
I've
45%
some
45%
swear
45%
made
44%
Este's
43%
sleep
43%
thinks
43%
fifteen
42%
night
42%
wasn't
41%
wine
41%
daddy
40%
dude")
40%
glass
40%
sister's
40%
Tuesday
40%
ain't
39%
died
39%
house
39%
new
39%
meet
38%
account"
37%
bed
37%
cover
37%
doubt
37%
husband's
37%
infidelity
37%
policy
37%
scene
37%
smells
37%
everything
36%
life
36%
mistress
36%
took
36%
or
35%
enough
34%
join
34%
letting
34%
license
34%
cleaned
33%
insurance
33%
losing
33%
wife
33%
brand
32%
moved
32%
catch
31%
houses
31%
missing
31%
big
30%
reports
30%
Sleeps
30%
acting
29%
anywhere
27%
boating
27%
different
27%
dinner
27%
jewelry
27%
tires
26%
job,
25%
mouth"
25%
passed
25%
gotta
24%
noticed
24%
Somebody's
24%
truck
24%
Garden,
22%
merlot
21%
Olive
21%
Aucun quiz correspondant
Distribution des résultats
% des personnes avec chaque résultat
Percentile par nombre de réponses
Votre historique - résultats
Vous n’avez pas pris ce quiz